|
|
|
|
| LEADER |
01012nam a2200253 a 4500 |
| 001 |
674976 |
| 008 |
090521s1996 iaua b 001 0 eng d |
| 010 |
|
|
|a \\\95081058
|
| 020 |
|
|
|a 0697225704
|
| 040 |
|
|
|a DLC
|c DLC
|
| 082 |
0 |
0 |
|a 574
|2 20
|
| 100 |
1 |
|
|a Raven, Peter H.
|
| 245 |
0 |
0 |
|a Biology /
|c Peter H. Raven, George B. Johnson ; significant contributions to the vertebrate biology chapters by Stuart Ira Fox.
|
| 250 |
|
|
|a 4th ed.
|
| 260 |
|
|
|a Dubuque, IA :
|b Wm. C. Brown Publishers,
|c c1996.
|
| 300 |
|
|
|a xxxii, 1310 p. :
|b ill. (some col.) ;
|c 29 cm.
|
| 504 |
|
|
|a Includes bibliographical references and index.
|
| 541 |
1 |
|
|e 00008504
|
| 650 |
|
0 |
|a Biology.
|
| 700 |
1 |
|
|a Johnson, George B.
|q (George Brooks),
|d 1942-
|
| 852 |
4 |
|
|a Ayesha Abed Library
|j General shelf
|
| 942 |
0 |
0 |
|0 1
|
| 999 |
|
|
|c 1029
|d 1029
|
| 952 |
|
|
|0 0
|1 0
|2 ddc
|4 0
|6 574_RAV_199600000000000
|7 0
|9 936
|a BRACUL
|b BRACUL
|c GEN
|d 2009-06-24
|g 0.00
|l 11
|m 40
|o 574 RAV
|p 3010008504
|r 2022-04-04
|s 2022-03-21
|t 1
|w 2009-06-24
|y BK
|x No price found in the accession register.
|